Autodesk Mechanical desktop : User's guide.
Guardat en:
| Autor corporatiu: | |
|---|---|
| Format: | Llibre |
| Idioma: | English |
| Publicat: |
Sigapur : Autodesk,
c2001
|
| Matèries: | |
| Etiquetes: |
Afegir etiqueta
Sense etiquetes, Sigues el primer a etiquetar aquest registre!
|
MARC
| LEADER | 00000nam a2200000Ia 4500 | ||
|---|---|---|---|
| 003 | 001782 | ||
| 005 | 20221231144021.0 | ||
| 008 | 140114s2001 si a 000 ||eng d | ||
| 040 | |c cru CEDI | ||
| 082 | |a 620.004.202.85 A939a | ||
| 245 | |a Autodesk Mechanical desktop : User's guide. | ||
| 260 | |a Sigapur : Autodesk, |c c2001 | ||
| 300 | |a 756 páginas ; ilustraciones | ||
| 650 | |x GRAFICOS POR COMPUTADORA |x AUTOCAD |x DISEÑO EN INGENIERIA |x PROCESAMIENTO DE DATOS |9 19575 | ||
| 710 | |9 19574 |a Autodesk, Inc. | ||
| 942 | |2 ddc |c BK | ||
| 999 | |c 15667 |d 15667 | ||
